Los origenes de la civilizacion /

Guardado en:
Autor Principal: Childe V Gordon
Formato: Libro
Publicado: México-buenos Aires : Fondo de cultura econ¢mica, 1965
Edición:3a. ed.
Materias:
Etiquetas: Agregar Etiqueta
Sin Etiquetas, Sea el primero en etiquetar este registro!
LEADER 00774nam a22002175a 4500
001 CEM.cems001630
005 20060214000000.0
008 130507s1965##################000#0#####d
003 CEMS
082 0 4 |a 571 
100 1 |a Childe V Gordon 
245 1 0 |a Los origenes de la civilizacion / 
250 |a 3a. ed. 
260 |a México-buenos Aires :  |b Fondo de cultura econ¢mica,  |c 1965 
300 |a 295 p. 
653 |a Arqueologia 
859 |a CEMS  |b BIB. CEMS - 11 de abril  |h 571  |i C436a3  |p 3460.75  |t Ej.5 
859 |a CEMS  |b BIB. CEMS - 11 de abril  |h 571  |i C436a3  |p 3462.75  |t Ej.4 
859 |a CEMS  |b BIB. CEMS - 11 de abril  |h 571  |i C436a3  |p 3463.75  |t Ej.1 
859 |a CEMS  |b BIB. CEMS - 11 de abril  |h 571  |i C436a3  |p 3464.75  |t Ej.2 
859 |a CEMS  |b BIB. CEMS - 11 de abril  |h 571  |i C436a3  |p 3499.75  |t Ej.3